| 000 | 00641nam a2200229Ia 4500 | ||
|---|---|---|---|
| 003 | OSt | ||
| 005 | 20220925215309.0 | ||
| 006 | a|||||r|||| 00| 0 | ||
| 007 | ta | ||
| 008 | 220923b |||||||| |||| 00| 0 eng d | ||
| 037 | _cGeneral Book | ||
| 040 |
_aRTL _cRTL _beng |
||
| 041 |
_2eng _aeng |
||
| 082 | _aX:84, L1 | ||
| 100 |
_aAddison Michael E. _9282516 |
||
| 245 | 0 | _aEssentials of organization and methods | |
| 260 |
_aLondon _bHeinemann UK _c1971 |
||
| 300 |
_axii, 204p. Appendix p 179-94 _ccm. |
||
| 650 | _aTop Management | ||
| 942 |
_hX:84, L1 _cGB _2CC |
||
| 999 |
_c568405 _d568405 |
||